Statistiques concernant Vocabulaire espagnol 8

Cliquez ici pour prendre le quiz!

Statistiques générales

  • Ce quiz a été pris 188 fois
  • Le résultat moyen est 44 sur 100

Statistiques - réponses

Mots FRMots ES% Correct
Aujourd'huiHoy
94%
DemainManana
91%
HommeHombre
89%
MèreMadre
88%
FrèreHermano
87%
PèrePadre
87%
LundiLunes
86%
MardiMartes
85%
MercrediMiercoles
85%
FemmeMujer
85%
VendrediViernes
84%
JeudiJueves
83%
DimancheDomingo
82%
HierAyer
81%
SamediSabado
79%
FilsHijo
78%
Grand-parentAbuelo
77%
VacancesVacaciones
77%
EnfantNino
75%
Par exemplePor ejemplo
75%
RapideRapido
74%
MonsieurSenor
74%
OncleTio
74%
JamaisNunca
71%
TardTarde
71%
GarçonChico
69%
SecretSecreto
69%
CourtCorto
68%
PaixPaz
68%
OrOro
65%
EtéVerano
64%
CousinPrimo
63%
AccidentAccidente
61%
EpoqueEpoca
61%
VoixVoz
60%
LentLento
58%
LongLargo
57%
TerreTierra
57%
ConducteurConductor
55%
GrosGordo
53%
PrintempsPrimavera
51%
HiverInvierno
50%
LoinLejos
49%
BlagueBroma
47%
ConfianceConfianza
44%
MassageMasaje
44%
PoidsPeso
44%
PlaisirPlacer
44%
BientôtPronto
43%
MensongeMentira
39%
Bruit (nuisance)Ruido
39%
VégétationVegetacion
39%
Glace (à manger)Helado
38%
FuméeHumo
38%
AutomneOtono
38%
TôtTemprano
38%
VueVista
36%
SableArena
33%
MariageMatrimonio
33%
Tour (construction)Torre
32%
DivorceDivorcio
31%
MariageBoda
30%
DésirDeseo
30%
Bois (matière)Madera
30%
PassagerPasajero
30%
NeveuSobrino
28%
MétalMetal
27%
OdeurOlor
27%
Glace (eau gelée)Hielo
26%
PierrePiedra
26%
ArgentPlata
26%
SaisonTemporada
24%
CadavreCadaver
22%
Micro-ondeMicroondas
21%
OmbreSombra
21%
LentementDespacio
19%
Bruit (son)Sonido
19%
LégerLigero
17%
LourdPesado
17%
MariageCasamiento
15%
MaigreFlaco
15%
Cour (espace intérieur)Patio
15%
FerHierro
14%
AcierAcero
13%
CuivreCobre
11%
BronzeBronce
10%
Phares (voiture)Faros
10%
LongueurLongitud
10%
AimantIman
9%
ChariotCarro
8%
Ferme (agricole)Granja
8%
Pare-briseParabrisas
6%
Tube d'échappementTubo de escape
6%
BrancheRama
5%
Panne (technique)Averia
3%
Plaque d'immatriculationPlaca de matricula
3%
Retard (un)Tardanza
3%
EgoûtAlcantarilla
2%
CroisementCruce
2%
RocherPenasco
2%

Distribution des résultats

Percentile par nombre de réponses

% des personnes avec chaque résultat

Votre développement - résultats

Vous n’avez pas pris ce quiz